Accounts & Audit Rules & Procedure, etc. / (Record no. 4543)
[ view plain ]
| 000 -LEADER | |
|---|---|
| fixed length control field | 00615nam a2200229 a 4500 |
| 001 - CONTROL NUMBER | |
| JCCL Control Number | 4543 |
| 003 - CONTROL NUMBER IDENTIFIER | |
| JCCL marc code | BD-JhCC |
| 005 - DATE AND TIME OF LATEST TRANSACTION | |
| control field | 20180123182643.0 |
| 008 - FIXED-LENGTH DATA ELEMENTS--GENERAL INFORMATION | |
| fixed length control field | 171128s19561968p |||| || | 000 0 eng d |
| 035 ## - SYSTEM CONTROL NUMBER | |
| system control number | (BD-JhCC)4543 |
| 040 ## - CATALOGING SOURCE | |
| Original cataloging agency | BD-JhCC |
| Modifying agency | BD-JhCC |
| 041 ## - LANGUAGE CODE | |
| Language code of Book | eng |
| 082 ## - DEWEY DECIMAL CLASSIFICATION NUMBER | |
| Classification number | 657 |
| Author mark and Year | DOG 1968 |
| 100 ## - MAIN ENTRY--PERSONAL NAME | |
| Personal name | Dogar, Tufail Muhammad |
| 245 ## - TITLE STATEMENT | |
| Title | Accounts & Audit Rules & Procedure, etc. / |
| Statement of responsibility, etc | Al-Haj Tufail Muhammad Dogar, |
| 250 ## - EDITION STATEMENT | |
| Edition statement | 5Th Ed |
| 260 ## - PUBLICATION, DISTRIBUTION, ETC. (IMPRINT) | |
| Place of publication, distribution, etc | Lahore : |
| Name of publisher, distributor, etc | Doger Brothers Standard Publishers, |
| Date of publication, distribution, etc | 1968. |
| 300 ## - PHYSICAL DESCRIPTION | |
| Pagination | 508 p. : |
| Dimensions | 18 cm. |
| 650 ## - SUBJECT ADDED ENTRY--TOPICAL TERM | |
| Topical term or geographic name as entry element | Accounting |
| 942 ## - ADDED ENTRY ELEMENTS (KOHA) | |
| Source of classification or shelving scheme | Dewey Decimal Classification |
| Koha item type | Books |
| Source of classification or shelving scheme | Damaged status | Not for loan | Home library | Current library | Shelving location | Date of accession | Cost, normal purchase price | Total Checkouts | Full call number | Barcode | Date last seen | Copy number | Koha item type |
|---|---|---|---|---|---|---|---|---|---|---|---|---|---|
| Dewey Decimal Classification | JCC Rouf Library | JCC Rouf Library | General Stacks | 11/28/2017 | 10.00 | 657 DOG 1968 | 6316 | 11/28/2017 | C-1 | Books | |||
| Dewey Decimal Classification | JCC Rouf Library | JCC Rouf Library | General Stacks | 10.00 | 657 DOG 1968 | 7389 | 01/17/2018 | C - 2 | Books |